000 00856nam a2200289 a 4500
001 vtls001802192
003 NLI
005 20210629045808.0
008 140215s1937 ii 000 0 eng
039 9 _y201402152254
_zVLOAD
040 _a NLI
_b eng
_c Entertech IMP - 2013
_e AACR2
041 0 _aeng
044 _aii
082 _a178
100 0 _aSivananda,
_cSwami,
_d1887-
_91166083
245 1 0 _aJoytri-bindhu Upanishad /
_ccommantary by Swami Sivananda Saraswati
260 _aRishikesh :
_b[s.n.],
_c1937
300 _a22 p. ;
_c19 cm.
440 0 _aPractical Vedanta series ;
_v1
_91186559
500 _aBound with other pamphlets
700 0 _aSivananda,
_cSwami,
_d1887,
_4cmm
_91166083
887 _a
901 _aIMP43362
902 _a178 C. 1341[10]
949 _AVIRTUAITEM
_D10000
_X100
_6IMP000043362ENG
942 _2ddc
_cBKS
999 _c1237793
_d1237793